[Event "18th EUR-ch (w)"]
[Site "Riga LAT"]
[Date "2017.04.11"]
[Round "1.31"]
[White "Hoolt, Sarah"]
[Black "Erneste, Inguna"]
[Result "1-0"]
[WhiteElo "2398"]
[BlackElo "2168"]
[EventDate "2017.04.11"]
[PlyCount "123"]

1.e4 e5 2.Nf3 Nc6 3.Bb5 a6 4.Ba4 Nf6 5.d3 d6 6.c3 Be7 7.Nbd2 O-O 8.O-O b5 
9.Bc2 Re8 10.Re1 Bf8 11.Nf1 h6 12.Ng3 g6 13.h3 Bb7 14.Nh2 d5 15.Ng4 Nxg4 
16.Qxg4 Bc8 17.Qf3 d4 18.Bb3 Be6 19.Bd5 Qd7 20.a4 Rad8 21.axb5 axb5 22.Ra6
Nb8 23.Bxe6 Rxe6 24.Rxe6 Qxe6 25.cxd4 Rxd4 26.Ne2 Rd8 27.Qg3 Nc6 28.Nc3 
Nd4 29.Qh4 g5 30.Qg3 f6 31.Be3 c6 32.Bxd4 Rxd4 33.Ne2 Rd8 34.Rc1 Kf7 35.
Qf3 Kg7 36.Ng3 Kh7 37.Ra1 Rd7 38.Ra8 Bg7 39.Nf5 Rc7 40.Qh5 Rd7 41.Re8 Qf7 
42.Qxf7 Rxf7 43.Rc8 Bf8 44.Rxc6 Kg6 45.Ne3 Ra7 46.Ng4 Ra1+ 47.Kh2 Kg7 48.
Nxf6 Rb1 49.Nd7 Be7 50.Nxe5 Rxb2 51.Kg3 b4 52.Nc4 Rb3 53.Kg4 Rxd3 54.Kf5 
Rd4 55.Rc7 Kf8 56.Ke5 Rd3 57.Ke6 Bd8 58.Rb7 b3 59.Ne5 Rc3 60.Rb8 Ke8 61.
Nf7 Rc6+ 62.Nd6+ 1-0

[Event "18th EUR-ch (w)"]
[Site "Riga LAT"]
[Date "2017.04.11"]
[Round "1.32"]
[White "Utiatskaya, Irina"]
[Black "Houska, Jovanka"]
[Result "1/2-1/2"]
[WhiteElo "2152"]
[BlackElo "2397"]
[EventDate "2017.04.11"]
[PlyCount "141"]

1.e4 c6 2.d4 d5 3.Nc3 dxe4 4.Nxe4 Bf5 5.Ng3 Bg6 6.Nf3 Nd7 7.Bd3 e6 8.O-O 
Ngf6 9.c4 Bd6 10.b3 O-O 11.Bb2 a5 12.Bxg6 hxg6 13.Qe2 a4 14.Rfd1 Qc7 15.
Ne5 Rfd8 16.Nf1 Bf8 17.Nd3 b5 18.Ne5 bxc4 19.Qxc4 Nxe5 20.dxe5 Nd5 21.Rdc1
c5 22.bxa4 Qd7 23.Rd1 Rdb8 24.Qe2 Qxa4 25.Rdc1 Qb5 26.Qxb5 Rxb5 27.Bc3 Ra3
28.Bd2 Rb2 29.Be3 Nxe3 30.Nxe3 Raxa2 31.Rxa2 Rxa2 32.Nc4 g5 33.Kf1 f6 34.
Nd6 Ra5 35.Nb7 Rb5 36.Nd6 Bxd6 37.exd6 Kf7 38.Ra1 e5 39.Ra7+ Ke6 40.d7 Ke7
41.d8=Q+ Kxd8 42.Rxg7 c4 43.Ke2 Rb2+ 44.Ke3 c3 45.Rg8+ Kd7 46.Rg7+ Kd6 47.
Rg8 Rb1 48.Rc8 Rc1 49.Kd3 Rf1 50.Ke2 Rc1 51.Kd3 Rh1 52.Ke2 Rxh2 53.g3 f5 
54.Rxc3 f4 55.Kf3 g4+ 56.Kxg4 Rxf2 57.gxf4 Rxf4+ 58.Kg3 Rf8 59.Rf3 Ra8 60.
Rb3 Rh8 61.Ra3 Ke6 62.Kg4 Rf8 63.Ra6+ Kd5 64.Ra5+ Kd4 65.Ra4+ Kd5 66.Ra5+ 
Kd6 67.Ra6+ Kd7 68.Ra7+ Kc6 69.Ra6+ Kb5 70.Re6 Kc4 71.Rxe5 1/2-1/2

[Event "18th EUR-ch (w)"]
[Site "Riga LAT"]
[Date "2017.04.11"]
[Round "1.34"]
[White "Petrenko, Svetlana"]
[Black "Zimina, Olga"]
[Result "0-1"]
[WhiteElo "2136"]
[BlackElo "2395"]
[EventDate "2017.04.11"]
[PlyCount "150"]

1.d4 Nf6 2.c4 c5 3.d5 e6 4.Nc3 exd5 5.cxd5 d6 6.e4 g6 7.Nf3 Bg7 8.Bd3 O-O 
9.O-O Bg4 10.h3 Bxf3 11.Qxf3 Nfd7 12.Qg3 Ne5 13.Bc2 Na6 14.a3 Nc7 15.f4 
Nd7 16.Bd3 Rb8 17.a4 Na6 18.Nb5 Qe7 19.f5 Nb4 20.Bf4 Ne5 21.Be2 a6 22.Na3 
Rbd8 23.Rad1 Rfe8 24.b3 Bf6 25.Kh1 Bh4 26.Qc3 Nd7 27.Bf3 Bf6 28.Qd2 Ne5 
29.Be2 Rb8 30.Nc2 Nxc2 31.Qxc2 b5 32.axb5 axb5 33.Ra1 Qb7 34.Ra5 b4 35.Bb5
Rf8 36.Bh6 Qb6 37.Qa2 Bd8 38.Bxf8 Kxf8 39.Ra1 Qxa5 40.Qxa5 Bxa5 41.Rxa5 
Kg7 42.fxg6 fxg6 43.Kg1 Kf6 44.Kf2 Rb7 45.Ke3 h5 46.g3 Kg5 47.Be2 h4 48.
gxh4+ Kxh4 49.Ra1 Kxh3 50.Bf3 Kh4 51.Be2 Kg5 52.Rg1+ Kf6 53.Rf1+ Ke7 54.
Ra1 Rb8 55.Ra7+ Kf6 56.Ra6 Nf7 57.Bg4 c4 58.bxc4 b3 59.Ra1 Ke5 60.Be2 b2 
61.Rb1 Rb3+ 62.Bd3 g5 63.Rf1 Nh6 64.Kd2 Kd4 65.Bb1 Rh3 66.Kc2 Rh2+ 67.Kb3 
Ng4 68.Rg1 Ne5 69.c5 Kxc5 70.Rxg5 Nc4 71.Rg8 Rh3+ 72.Kc2 Kd4 73.Ba2 Rc3+ 
74.Kd1 Rc1+ 75.Ke2 Ra1 0-1

[Event "18th EUR-ch (w)"]
[Site "Riga LAT"]
[Date "2017.04.11"]
[Round "1.35"]
[White "Tsolakidou, Stavroula"]
[Black "Gueci, Tea"]
[Result "1/2-1/2"]
[WhiteElo "2395"]
[BlackElo "2132"]
[EventDate "2017.04.11"]
[PlyCount "80"]

1.d4 d5 2.c4 c6 3.Nf3 Nf6 4.g3 Bf5 5.Nc3 e6 6.Nh4 Be4 7.f3 Bg6 8.Qb3 Qb6 
9.Nxg6 hxg6 10.c5 Qxb3 11.axb3 Na6 12.Ra4 e5 13.e3 Nc7 14.b4 exd4 15.exd4 
a6 16.Kf2 O-O-O 17.h4 Nd7 18.Bh3 Be7 19.Bf4 f5 20.Bxc7 Kxc7 21.Ne2 Bf6 22.
h5 gxh5 23.Bxf5 g5 24.Raa1 Rdf8 25.Rad1 Bg7 26.Bxd7 Kxd7 27.Kg2 Re8 28.Nc3
h4 29.g4 Rhf8 30.Rd3 Re7 31.Rhd1 Rfe8 32.Kf2 Bf6 33.R3d2 Re6 34.Re2 Bd8 
35.Rxe6 Rxe6 36.Ne2 Bc7 37.Rh1 Rf6 38.Ke3 Re6+ 39.Kf2 Rf6 40.Ke3 Re6+ 
1/2-1/2

[Event "18th EUR-ch (w)"]
[Site "Riga LAT"]
[Date "2017.04.11"]
[Round "1.36"]
[White "De Seroux, Camille"]
[Black "Bulmaga, Irina"]
[Result "1/2-1/2"]
[WhiteElo "2122"]
[BlackElo "2394"]
[EventDate "2017.04.11"]
[PlyCount "101"]

1.e4 e5 2.Nf3 Nc6 3.d4 exd4 4.Nxd4 Nf6 5.Nc3 Bb4 6.Nxc6 bxc6 7.Bd3 O-O 8.
O-O d5 9.exd5 cxd5 10.Bg5 c6 11.Qf3 Bd6 12.Rfe1 Rb8 13.Rab1 Be6 14.h3 h6 
15.Bf4 Bxf4 16.Qxf4 c5 17.b3 Qa5 18.Ne2 Rfd8 19.Ng3 Rb4 20.Qf3 Rb6 21.Nf5 
Bxf5 22.Qxf5 c4 23.bxc4 Rxb1 24.Rxb1 Qxa2 25.Rb3 Qa1+ 26.Kh2 g6 27.Qf4 
dxc4 28.Qxc4 Qe5+ 29.g3 Kg7 30.Rb5 Qd4 31.Kg2 Qxc4 32.Bxc4 Rd7 33.h4 h5 
34.Kf3 Ng4 35.Bd5 Kf6 36.c4 Ke7 37.Rb2 Kd6 38.Kf4 Ne5 39.Ke4 Rc7 40.Kd4 f6
41.Rb8 Rxc4+ 42.Bxc4 Nc6+ 43.Ke4 Nxb8 44.Bf7 g5 45.Kf5 gxh4 46.gxh4 Ke7 
47.Bxh5 Nd7 48.Be2 Kf7 49.h5 Kg7 50.Bb5 Nc5 51.f3 1/2-1/2

[Event "18th EUR-ch (w)"]
[Site "Riga LAT"]
[Date "2017.04.11"]
[Round "1.38"]
[White "Olde, Margareth"]
[Black "Ziaziulkina, Nastassia"]
[Result "1/2-1/2"]
[WhiteElo "2110"]
[BlackElo "2387"]
[EventDate "2017.04.11"]
[PlyCount "64"]

1.d4 d5 2.c4 c6 3.Nf3 Nf6 4.e3 e6 5.Nc3 Nbd7 6.Bd3 dxc4 7.Bxc4 b5 8.Bd3 
Bd6 9.O-O O-O 10.b3 Bb7 11.Bb2 b4 12.Na4 c5 13.dxc5 Nxc5 14.Nxc5 Bxc5 15.
Rc1 Rc8 16.Qe2 Be7 17.Rxc8 Qxc8 18.Ne5 Qc5 19.Bd4 Qd5 20.f3 Bd6 21.Nc4 Bb8
22.Bxf6 gxf6 23.Be4 Qh5 24.g4 Qb5 25.Bxb7 Qxb7 26.Rd1 Bc7 27.Kg2 Rd8 28.
Rxd8+ Bxd8 29.Qd2 Be7 30.Qd4 Qa6 31.Qd2 Qb5 32.Qd4 Qa6 1/2-1/2

[Event "18th EUR-ch (w)"]
[Site "Riga LAT"]
[Date "2017.04.11"]
[Round "1.39"]
[White "Ovod, Evgenia"]
[Black "Caglar, Sila"]
[Result "1-0"]
[WhiteElo "2382"]
[BlackElo "2093"]
[EventDate "2017.04.11"]
[PlyCount "73"]

1.d4 Nf6 2.Bg5 d5 3.e3 c5 4.Bxf6 exf6 5.Nc3 Nc6 6.Nge2 Be6 7.g3 cxd4 8.
exd4 Bd6 9.Bg2 Ne7 10.Qd2 a6 11.Nf4 Bxf4 12.Qxf4 O-O 13.O-O Qd7 14.a4 b5 
15.Qd2 Rac8 16.axb5 axb5 17.Rfc1 Nf5 18.Na2 Rc4 19.c3 Nd6 20.Nb4 Rcc8 21.
Qf4 Nc4 22.b3 Nb6 23.Ra6 Rb8 24.Nd3 Rfc8 25.Nc5 Qc7 26.Qxc7 Rxc7 27.Bf1 
Bc8 28.Bxb5 Bxa6 29.Nxa6 Rcc8 30.Nxb8 Rxb8 31.c4 dxc4 32.bxc4 Kf8 33.c5 
Na8 34.Bc6 Ke7 35.d5 Kd8 36.d6 f5 37.Re1 1-0

[Event "18th EUR-ch (w)"]
[Site "Riga LAT"]
[Date "2017.04.11"]
[Round "1.42"]
[White "Krumina, Linda"]
[Black "Papp, Petra"]
[Result "0-1"]
[WhiteElo "2090"]
[BlackElo "2378"]
[EventDate "2017.04.11"]
[PlyCount "90"]

1.d4 Nf6 2.c4 g6 3.Nc3 d5 4.cxd5 Nxd5 5.e4 Nxc3 6.bxc3 Bg7 7.Ba3 Nd7 8.e5 
c5 9.Qb3 O-O 10.Nf3 Qa5 11.Bc4 e6 12.O-O b5 13.Be2 a6 14.Ng5 Bb7 15.Bf3 
Bxf3 16.Nxf3 Rac8 17.Bb2 Nb6 18.Ng5 Nc4 19.Ne4 Rfd8 20.Rfd1 cxd4 21.cxd4 
Nxb2 22.Qxb2 Qa4 23.Nd6 Rc6 24.Rac1 Rxc1 25.Rxc1 Bf8 26.h3 b4 27.Ne4 Qb5 
28.Qd2 h6 29.Nf6+ Kg7 30.Ng4 g5 31.h4 Be7 32.Rc7 Rd7 33.Rxd7 Qxd7 34.hxg5 
hxg5 35.f4 Bc5 36.fxg5 Qxd4+ 37.Qxd4 Bxd4+ 38.Kf1 Kg6 39.Ke2 Kxg5 40.Kd3 
Bc3 41.Nh2 Bxe5 42.Nf3+ Kf4 43.Nxe5 Kxe5 44.Kc4 a5 45.Kb5 Kd4 0-1

[Event "18th EUR-ch (w)"]
[Site "Riga LAT"]
[Date "2017.04.11"]
[Round "1.43"]
[White "Kovanova, Baira"]
[Black "Arda, Cagil Irmak"]
[Result "1-0"]
[WhiteElo "2376"]
[BlackElo "2089"]
[EventDate "2017.04.11"]
[PlyCount "97"]

1.e4 c5 2.Nf3 Nc6 3.c4 e6 4.Nc3 Nge7 5.d4 cxd4 6.Nxd4 Nxd4 7.Qxd4 Nc6 8.
Qd3 Be7 9.Be2 a6 10.O-O d6 11.Be3 Bd7 12.Rfd1 Rc8 13.Qd2 Ne5 14.b3 Bc6 15.
Qb2 Qc7 16.Rac1 Qb8 17.a4 b6 18.f3 O-O 19.Bf1 f5 20.exf5 Rxf5 21.Be2 Rcf8 
22.f4 Ng6 23.Bg4 R5f6 24.Rf1 Nh4 25.g3 Rg6 26.Qe2 Nf5 27.Bf2 Qb7 28.Rfe1 
Bd8 29.Bh3 Rh6 30.Qf1 Nh4 31.gxh4 Rxf4 32.Rxe6 Bxh4 33.Rc2 Bxf2+ 34.Rxf2 
Rxf2 35.Qxf2 Rxh3 36.Nd5 Qf7 37.Ne7+ Kf8 38.Nxc6 Rf3 39.Qe2 Rxb3 40.Rxd6 
Rb1+ 41.Kg2 g6 42.Rd8+ Kg7 43.Qe5+ Kh6 44.Qe3+ Kg7 45.Qd4+ Kh6 46.Qd2+ g5 
47.Rd6+ Kh5 48.Qe2+ g4 49.Qe5+ 1-0

[Event "18th EUR-ch (w)"]
[Site "Riga LAT"]
[Date "2017.04.11"]
[Round "1.44"]
[White "Azimova, Karina"]
[Black "Arakhamia-Grant, Ketevan"]
[Result "0-1"]
[WhiteElo "2072"]
[BlackElo "2374"]
[EventDate "2017.04.11"]
[PlyCount "42"]

1.e4 g6 2.d4 Bg7 3.Nc3 d6 4.f4 a6 5.Nf3 b5 6.a3 Bb7 7.Be3 Nd7 8.Be2 c5 9.
O-O Ngf6 10.Ng5 cxd4 11.Bxd4 e5 12.Be3 exf4 13.Rxf4 Ne5 14.Nd5 Nxd5 15.
exd5 Qxg5 16.Qd2 Qe7 17.Raf1 O-O 18.Re4 f5 19.Rb4 Rac8 20.b3 Rfe8 21.a4 
Nf7 0-1

[Event "18th EUR-ch (w)"]
[Site "Riga LAT"]
[Date "2017.04.11"]
[Round "1.45"]
[White "Arabidze, Meri"]
[Black "Baptista, Ana Filipa"]
[Result "1/2-1/2"]
[WhiteElo "2373"]
[BlackElo "2071"]
[EventDate "2017.04.11"]
[PlyCount "73"]

1.d4 Nf6 2.c4 e6 3.Nf3 b6 4.a3 Bb7 5.Nc3 d5 6.cxd5 Nxd5 7.Qa4+ c6 8.e4 
Nxc3 9.bxc3 Qc7 10.Bd3 Nd7 11.O-O Be7 12.Rd1 O-O 13.Qc2 c5 14.Qe2 Rfe8 15.
a4 c4 16.Bc2 a6 17.e5 Qc6 18.d5 exd5 19.Nd4 Qc7 20.e6 Nf6 21.exf7+ Kxf7 
22.Qe6+ Kf8 23.Bg5 Bc8 24.Bxf6 Bxf6 25.Qxd5 Bg4 26.Re1 g6 27.h3 Bd7 28.Re3
Rxe3 29.Qxa8+ Re8 30.Qd5 Re5 31.Qa8+ Kg7 32.Rd1 Bc8 33.Qf3 Bb7 34.Qg3 Bc8 
35.Kf1 Kf7 36.Bb1 Qc5 37.Nf3 1/2-1/2

[Event "18th EUR-ch (w)"]
[Site "Riga LAT"]
[Date "2017.04.11"]
[Round "1.46"]
[White "Makka, Ioulia"]
[Black "Osmanodja, Filiz"]
[Result "1-0"]
[WhiteElo "2069"]
[BlackElo "2370"]
[EventDate "2017.04.11"]
[PlyCount "117"]

1.e4 e5 2.Nf3 Nc6 3.Bb5 a6 4.Ba4 b5 5.Bb3 Nf6 6.d3 Be7 7.O-O d6 8.a3 Na5 
9.Ba2 c5 10.Re1 O-O 11.c3 Be6 12.Bxe6 fxe6 13.b4 Nc6 14.Qb3 Qd7 15.Nbd2 
Nh5 16.Bb2 Nf4 17.Qc2 Rac8 18.Qb1 Qe8 19.Re3 Qg6 20.Ne1 Bg5 21.Qd1 Bh4 22.
Rf3 Rf7 23.g3 Rcf8 24.Kh1 Nh3 25.Kg2 Ng5 26.Rxf7 Nxf7 27.Ndf3 Bd8 28.Bc1 
c4 29.Be3 Ne7 30.a4 d5 31.exd5 exd5 32.axb5 axb5 33.Bc5 cxd3 34.Nxd3 Qe4 
35.Ra8 d4 36.Bxe7 Qxa8 37.Bxf8 Kxf8 38.Nc5 dxc3 39.Qd3 Bf6 40.Nd7+ Ke7 41.
Nxf6 gxf6 42.Qxc3 Ng5 43.h4 Nxf3 44.Qxf3 Qxf3+ 45.Kxf3 Ke6 46.Kg4 Kd5 47.
Kf5 Kc4 48.Kxf6 e4 49.h5 Kd3 50.h6 Ke2 51.Ke5 Kd3 52.g4 Kc4 53.g5 Kxb4 54.
g6 hxg6 55.h7 Kc3 56.h8=Q b4 57.Kxe4+ Kc2 58.Qc8+ Kd2 59.Qc4 1-0

[Event "18th EUR-ch (w)"]
[Site "Riga LAT"]
[Date "2017.04.11"]
[Round "1.48"]
[White "Sinitsina, Anastassia"]
[Black "Badelka, Olga"]
[Result "1/2-1/2"]
[WhiteElo "2052"]
[BlackElo "2362"]
[EventDate "2017.04.11"]
[PlyCount "140"]

1.e4 c5 2.Nf3 Nc6 3.d4 cxd4 4.Nxd4 Qb6 5.Nb3 Nf6 6.Nc3 e6 7.Qe2 Bb4 8.Bd2 
O-O 9.a3 Bxc3 10.Bxc3 e5 11.O-O-O a5 12.Rd6 Ne8 13.Rd5 d6 14.Nd2 Be6 15.
Nc4 Qc7 16.Rb5 Nf6 17.Nb6 Ra6 18.Nd5 Bxd5 19.exd5 Na7 20.Rxb7 Qxb7 21.Qxa6
Qd7 22.Qxa5 Rc8 23.Ba6 Rc5 24.Qb6 Nc8 25.Qb8 Qf5 26.Bxc8 Rxc8 27.Qxd6 Qg5+
28.Kb1 Ne4 29.Qb6 Qxg2 30.Rd1 Qf3 31.Rd3 Qh1+ 32.Ka2 Nc5 33.Rd2 Ne4 34.Qb7
Rf8 35.Re2 Nxc3+ 36.bxc3 f6 37.Qb5 Rd8 38.d6 Qd1 39.Qd3 Rxd6 40.Qxd1 Rxd1 
41.a4 Kf7 42.Kb3 Ke6 43.Kc4 Kd6 44.Kb5 f5 45.a5 e4 46.Kb6 Rb1+ 47.Ka7 Kc6 
48.a6 Rd1 49.c4 Rd7+ 50.Ka8 Rd8+ 51.Ka7 Re8 52.Re3 f4 53.Rb3 e3 54.fxe3 
fxe3 55.Rb8 Re4 56.Rc8+ Kd7 57.Kb7 e2 58.Rc7+ Kd6 59.Rc6+ Ke5 60.a7 e1=Q 
61.a8=Q Kf4 62.Qf8+ Ke3 63.Qc5+ Ke2 64.Rc7 Kd1 65.Rxg7 Kxc2 66.Rxh7 Re5 
67.Qd4 Qb4+ 68.Kc6 Re6+ 69.Kd7 Re2 70.Kc8 Qa5 1/2-1/2

[Event "18th EUR-ch (w)"]
[Site "Riga LAT"]
[Date "2017.04.11"]
[Round "1.49"]
[White "Babiy, Olga"]
[Black "Grapsa, Georgia"]
[Result "1-0"]
[WhiteElo "2359"]
[BlackElo "2049"]
[EventDate "2017.04.11"]
[PlyCount "55"]

1.e4 c5 2.Nf3 d6 3.d4 Nf6 4.Nc3 cxd4 5.Nxd4 a6 6.Be3 e5 7.Nb3 Be6 8.h3 Be7
9.Qf3 O-O 10.O-O-O b5 11.Kb1 Qc7 12.g4 b4 13.Nd5 Nxd5 14.exd5 Bc8 15.Bd3 
a5 16.Nd2 Na6 17.Rhg1 a4 18.g5 a3 19.Ne4 axb2 20.Nf6+ Kh8 21.Nxh7 g6 22.
Nxf8 Kg7 23.Ne6+ fxe6 24.Qe4 exd5 25.Qxg6+ Kf8 26.Rg3 e4 27.Bb5 Bd7 28.Bd4
1-0

[Event "18th EUR-ch (w)"]
[Site "Riga LAT"]
[Date "2017.04.11"]
[Round "1.50"]
[White "Otikova, Elina"]
[Black "Mammadova, Gulnar"]
[Result "1/2-1/2"]
[WhiteElo "2049"]
[BlackElo "2357"]
[EventDate "2017.04.11"]
[PlyCount "60"]

1.e4 g6 2.d4 Bg7 3.Nf3 d6 4.h3 Nf6 5.Nc3 O-O 6.Be3 c6 7.a4 Nbd7 8.Be2 e5 
9.dxe5 dxe5 10.Nd2 Qe7 11.Nc4 Rd8 12.Qd6 Qxd6 13.Nxd6 Nf8 14.O-O-O b6 15.
Nxc8 Rdxc8 16.Bc4 Rab8 17.Ba6 Rc7 18.Rd3 Nh5 19.g3 Ne6 20.Rhd1 Bf8 21.Rd7 
Nf6 22.Rxc7 Nxc7 23.Bc4 Nce8 24.Kb1 Nd6 25.Ba2 Rb7 26.f3 Kg7 27.Bg5 Nd7 
28.Be3 Nf6 29.Bg5 Nd7 30.Be3 Nf6 1/2-1/2

[Event "18th EUR-ch (w)"]
[Site "Riga LAT"]
[Date "2017.04.11"]
[Round "1.51"]
[White "Lazarne Vajda, Szidonia"]
[Black "Ozbay, Ece"]
[Result "1/2-1/2"]
[WhiteElo "2355"]
[BlackElo "2035"]
[EventDate "2017.04.11"]
[PlyCount "90"]

1.d4 d5 2.c4 c6 3.Nf3 Nf6 4.e3 Bf5 5.Nc3 e6 6.Nh4 Be4 7.Qb3 Qb6 8.c5 Qc7 
9.f3 Bg6 10.g3 Be7 11.Nxg6 hxg6 12.Bg2 Nbd7 13.Ne2 e5 14.Bd2 O-O 15.Qc2 a5
16.O-O Rfe8 17.Bc3 Bf8 18.Nc1 e4 19.f4 Ng4 20.Qe2 f5 21.h3 Ngf6 22.g4 Kf7 
23.g5 Nh7 24.h4 Be7 25.h5 Rh8 26.hxg6+ Kxg6 27.Kf2 Nhf8 28.a4 Ne6 29.Qd2 
Rh2 30.Ne2 Kf7 31.Rh1 Rxh1 32.Rxh1 g6 33.Rh7+ Ng7 34.Ng3 Nf8 35.Rh8 b5 36.
cxb6 Qxb6 37.Bf1 Bb4 38.Bxb4 Qxb4 39.Qxb4 axb4 40.b3 Nge6 41.Be2 c5 42.
dxc5 Nxc5 43.Bd1 Nd3+ 44.Ke2 d4 45.Bc2 Rc8 1/2-1/2

[Event "18th EUR-ch (w)"]
[Site "Riga LAT"]
[Date "2017.04.11"]
[Round "1.52"]
[White "Kouvatsou, Maria"]
[Black "Gara, Anita"]
[Result "1/2-1/2"]
[WhiteElo "2016"]
[BlackElo "2354"]
[EventDate "2017.04.11"]
[PlyCount "52"]

1.e4 c5 2.Nf3 Nc6 3.c3 Nf6 4.e5 Nd5 5.d4 cxd4 6.cxd4 d6 7.Bc4 dxe5 8.Nxe5 
e6 9.O-O Be7 10.Nxc6 bxc6 11.Nc3 O-O 12.Qd3 Bb7 13.Rd1 Qc7 14.Ne4 Nf6 15.
Nc5 Bxc5 16.dxc5 Rad8 17.Qe2 Rxd1+ 18.Qxd1 Rd8 19.Qe2 Rd4 20.h3 Re4 21.Be3
Nd5 22.Qc2 Qe5 23.Bd2 h6 24.a3 Nf4 25.Bxf4 Rxf4 26.Rd1 Rd4 1/2-1/2

[Event "18th EUR-ch (w)"]
[Site "Riga LAT"]
[Date "2017.04.11"]
[Round "1.53"]
[White "Brunello, Marina"]
[Black "Sibajeva, Marija"]
[Result "1-0"]
[WhiteElo "2354"]
[BlackElo "2011"]
[EventDate "2017.04.11"]
[PlyCount "101"]

1.e4 c5 2.Nf3 e6 3.c3 d5 4.exd5 Qxd5 5.d4 Nc6 6.Be2 Nf6 7.O-O Be7 8.c4 Qd8
9.dxc5 Qxd1 10.Rxd1 Bxc5 11.Nc3 O-O 12.Bg5 b6 13.Nb5 Ne4 14.Bh4 a6 15.Nbd4
Nxd4 16.Nxd4 Bb7 17.Bf3 h6 18.Nb3 g5 19.Bg3 Rfd8 20.Nxc5 bxc5 21.Bc7 Rxd1+
22.Rxd1 Rc8 23.Be5 Bc6 24.h3 Kf8 25.Be2 f6 26.Bh2 f5 27.Be5 Ke7 28.f3 Nf6 
29.Kf2 Nd7 30.Bc3 e5 31.Bd3 e4 32.fxe4 fxe4 33.Be2 Rf8+ 34.Ke3 Nf6 35.Rf1 
Rf7 36.Rf5 Nd7 37.Rxf7+ Kxf7 38.Bh5+ Ke6 39.Bg4+ Kd6 40.Bg7 Ne5 41.Bf8+ 
Kc7 42.Be2 Nd3 43.Bxh6 Nf4 44.Bxg5 Nxg2+ 45.Kf2 e3+ 46.Bxe3 Nxe3 47.Kxe3 
Kd6 48.Kf4 Ke6 49.h4 Kf6 50.h5 Bd7 51.Bd3 1-0

[Event "18th EUR-ch (w)"]
[Site "Riga LAT"]
[Date "2017.04.11"]
[Round "1.55"]
[White "Mammadzada, Gunay"]
[Black "Heinatz, Maria"]
[Result "1-0"]
[WhiteElo "2348"]
[BlackElo "1990"]
[EventDate "2017.04.11"]
[PlyCount "67"]

1.e4 c5 2.Nf3 d6 3.d4 cxd4 4.Nxd4 Nf6 5.Nc3 a6 6.h3 e5 7.Nb3 Be6 8.f4 exf4
9.Bxf4 Nc6 10.Qd2 Nd7 11.O-O-O Nce5 12.Nd4 Rc8 13.Qe3 Be7 14.Nf5 Bxf5 15.
exf5 O-O 16.Nd5 Re8 17.g4 Bf8 18.Qd2 b5 19.Kb1 Nc5 20.g5 Rb8 21.f6 Ncd7 
22.Bd3 a5 23.h4 b4 24.Bf5 Nc4 25.Qg2 g6 26.Bd3 Ncb6 27.h5 Nxd5 28.Qxd5 
Nxf6 29.gxf6 Qxf6 30.hxg6 hxg6 31.Bxg6 Bg7 32.Bh7+ Kh8 33.Bc1 Rbd8 34.Rdf1
1-0

[Event "18th EUR-ch (w)"]
[Site "Riga LAT"]
[Date "2017.04.11"]
[Round "1.56"]
[White "Limanovska, Elizabete"]
[Black "Osmak, Yuliya"]
[Result "0-1"]
[WhiteElo "1990"]
[BlackElo "2348"]
[EventDate "2017.04.11"]
[PlyCount "154"]

1.e4 d6 2.d4 Nf6 3.Nc3 e5 4.dxe5 dxe5 5.Qxd8+ Kxd8 6.Bc4 Bb4 7.f3 Ke7 8.
Bg5 Bxc3+ 9.bxc3 Be6 10.Bxe6 Kxe6 11.O-O-O Nbd7 12.Ne2 Nb6 13.Rd3 Nfd7 14.
Be3 Nc4 15.Bf2 Ndb6 16.f4 f6 17.f5+ Ke7 18.Rhd1 Nd6 19.Bc5 Nc4 20.Ng3 b6 
21.Bxd6+ cxd6 22.Nf1 Rac8 23.Rg3 Kf7 24.Ne3 Nxe3 25.Rxe3 Rhd8 26.Kb2 Rd7 
27.Kb3 Rc5 28.Red3 Rdc7 29.Rh3 Rb5+ 30.Ka3 Rc6 31.Rhd3 Ke7 32.Rg3 g5 33.
Rh3 h5 34.Rxh5 Rxc3+ 35.Ka4 Rb2 36.Rh7+ Ke8 37.Rxa7 Rcxc2 38.Rb7 Rxa2+ 39.
Kb3 Rab2+ 40.Ka3 Rd2 41.Rxd2 Rxd2 42.Rxb6 Rxg2 43.Rxd6 Ke7 44.Ra6 Rxh2 45.
Ra7+ Kd6 46.Kb4 Re2 47.Ra6+ Ke7 48.Kc5 Rd2 49.Ra7+ Rd7 50.Ra8 Rd8 51.Ra7+ 
Kf8 52.Ra6 Kg7 53.Ra7+ Kg8 54.Ra6 Kf7 55.Ra7+ Kf8 56.Ra6 Ke7 57.Ra7+ Rd7 
58.Ra8 Kf7 59.Kc6 Re7 60.Kd5 g4 61.Rh8 Rd7+ 62.Kc6 Rd4 63.Rh7+ Kf8 64.Rh6 
Kf7 65.Rh7+ Kg8 66.Rh6 Rxe4 67.Rxf6 Rd4 68.Kc5 Rd7 69.Ra6 g3 70.Ra2 Rg7 
71.Rg2 Kf7 72.Kd5 Kf6 73.Ke4 Rg4+ 74.Kf3 Kxf5 75.Ra2 g2 76.Rxg2 Rxg2 77.
Kxg2 Ke4 0-1

[Event "18th EUR-ch (w)"]
[Site "Riga LAT"]
[Date "2017.04.11"]
[Round "1.57"]
[White "Warakomska, Anna"]
[Black "Parhomenko, Margarita"]
[Result "1-0"]
[WhiteElo "2343"]
[BlackElo "1987"]
[EventDate "2017.04.11"]
[PlyCount "71"]

1.e4 e6 2.d4 d5 3.Nc3 Bb4 4.e5 c5 5.Bd2 cxd4 6.Nb5 Be7 7.Qg4 g6 8.Nf3 Nc6 
9.h4 h5 10.Qf4 Nh6 11.Nbxd4 Ng4 12.Nxc6 bxc6 13.Ng5 Nh6 14.Rh3 Qc7 15.Bd3 
Nf5 16.f3 f6 17.exf6 Qxf4 18.f7+ Kf8 19.Bxf4 Bf6 20.Bxf5 Bxg5 21.Bd6+ Kxf7
22.Bxg6+ Kxg6 23.Rg3 Kf7 24.Rxg5 Ba6 25.Be5 Rhg8 26.Rxh5 Rxg2 27.Rh7+ Kf8 
28.O-O-O Be2 29.Rd4 Rg8 30.Rf4+ Ke8 31.Rf6 Kd8 32.Kd2 Bb5 33.Rxe6 a5 34.
Bf6+ Kc8 35.Ree7 Ra6 36.Rb7 1-0

[Event "18th EUR-ch (w)"]
[Site "Riga LAT"]
[Date "2017.04.11"]
[Round "1.58"]
[White "Chan, Naruna"]
[Black "Antova, Gabriela"]
[Result "1/2-1/2"]
[WhiteElo "1981"]
[BlackElo "2335"]
[EventDate "2017.04.11"]
[PlyCount "70"]

1.e4 c5 2.c3 Nf6 3.e5 Nd5 4.Bc4 Nb6 5.Bb3 d5 6.exd6 Qxd6 7.Nf3 Nc6 8.O-O 
Bf5 9.d4 cxd4 10.cxd4 e6 11.Nc3 Be7 12.Be3 O-O 13.d5 Nxd5 14.Nxd5 exd5 15.
Qxd5 Qg6 16.Nd2 Rad8 17.Qf3 Bf6 18.Qg3 Bxb2 19.Rad1 Rfe8 20.Nc4 Qxg3 21.
hxg3 Be5 22.Nxe5 Nxe5 23.Bxa7 h6 24.Rxd8 Rxd8 25.Re1 Nc6 26.Bb6 Rd7 27.f3 
h5 28.Kf2 Kh7 29.Rd1 Rxd1 30.Bxd1 Kg6 31.Ke3 Kf6 32.a3 g6 33.Bc7 Be6 34.
Bb6 Bd5 35.Be2 Ke6 1/2-1/2

[Event "18th EUR-ch (w)"]
[Site "Riga LAT"]
[Date "2017.04.11"]
[Round "1.60"]
[White "Harlinska, Sandra"]
[Black "Gara, Ticia"]
[Result "0-1"]
[WhiteElo "1881"]
[BlackElo "2325"]
[EventDate "2017.04.11"]
[PlyCount "70"]

1.e4 c5 2.Nf3 d6 3.Bb5+ Nd7 4.O-O Nf6 5.Re1 a6 6.Bf1 e6 7.c3 Be7 8.d4 O-O 
9.e5 Nd5 10.c4 Nb4 11.a3 Nc6 12.dxc5 dxe5 13.b4 a5 14.b5 Nd4 15.Bb2 Nxf3+ 
16.Qxf3 Bxc5 17.Nd2 Bd4 18.Rab1 Bxb2 19.Rxb2 f5 20.c5 Nxc5 21.Rxe5 Qd4 22.
Nc4 Ne4 23.Bd3 Rd8 24.Be2 Bd7 25.Qe3 Qxe3 26.Nxe3 Rac8 27.g4 Nd6 28.Rd2 
Nf7 29.Rxd7 Rxd7 30.Rxe6 f4 31.Nf5 Ng5 32.Ne7+ Kf7 33.Nxc8 Kxe6 34.h4 Ne4 
35.Bf3 Nd2 0-1

[Event "18th EUR-ch (w)"]
[Site "Riga LAT"]
[Date "2017.04.11"]
[Round "1.61"]
[White "Malakhova, Elizaveta"]
[Black "Maklakova, Nellija"]
[Result "1-0"]
[WhiteElo "2324"]
[BlackElo "1829"]
[EventDate "2017.04.11"]
[PlyCount "65"]

1.b3 e5 2.Bb2 Nc6 3.e3 Nf6 4.Bb5 e4 5.f4 a6 6.Bxc6 dxc6 7.Ne2 Ng4 8.O-O h5
9.h3 Nf6 10.Nbc3 h4 11.d3 Bc5 12.dxe4 Bxe3+ 13.Kh1 Qxd1 14.Raxd1 b5 15.e5 
Nh5 16.Rf3 Bb6 17.f5 Bd7 18.Ne4 O-O-O 19.e6 fxe6 20.f6 g6 21.Ng5 Rhf8 22.
f7 Bc5 23.Nh7 e5 24.Nxf8 Rxf8 25.Bxe5 Bf5 26.Nd4 Bxd4 27.Rxd4 Rxf7 28.Rxh4
Re7 29.Bc3 Bxc2 30.Rf2 Bb1 31.Kh2 Ng7 32.Bf6 Re4 33.Rxe4 1-0

[Event "18th EUR-ch (w)"]
[Site "Riga LAT"]
[Date "2017.04.11"]
[Round "1.62"]
[White "Vainovska, Valentina"]
[Black "Mamedyarova, Zeinab"]
[Result "0-1"]
[WhiteElo "1792"]
[BlackElo "2322"]
[EventDate "2017.04.11"]
[PlyCount "100"]

1.d4 d5 2.c4 dxc4 3.Qa4+ Bd7 4.Qxc4 Bc6 5.Nc3 Nf6 6.e3 e6 7.Qe2 Be7 8.Nf3 
Nbd7 9.e4 O-O 10.Qc2 Re8 11.Bd3 Nf8 12.O-O a6 13.Bg5 Ng6 14.Rad1 Qc8 15.
Rfe1 b5 16.Ne2 Qb7 17.Ng3 Rac8 18.Rc1 Bd7 19.h4 c5 20.Qe2 cxd4 21.Nxd4 h6 
22.h5 Nxh5 23.Bxe7 Nxg3 24.Qf3 Nxe7 25.Qxg3 Qb6 26.Nf3 Red8 27.Ne5 Be8 28.
Ng4 Ng6 29.e5 Qd4 30.Bxg6 fxg6 31.b3 Qd2 32.Ra1 g5 33.Ne3 Qb2 34.Reb1 Qa3 
35.Qg4 Bf7 36.Rd1 Qb2 37.Rab1 Qxe5 38.a4 Qf4 39.Qe2 Qb4 40.axb5 axb5 41.
Qf3 Bg6 42.Rxd8+ Rxd8 43.Rc1 Qxb3 44.Qb7 Rf8 45.Rc7 Qb2 46.Nd1 Qa1 47.Kh2 
Qe5+ 48.g3 g4 49.Qa7 Be4 50.Nc3 Qh5+ 0-1

[Event "18th EUR-ch (w)"]
[Site "Riga LAT"]
[Date "2017.04.11"]
[Round "1.63"]
[White "Cosma, Elena-Luminita"]
[Black "Zvereva, Margarita"]
[Result "1-0"]
[WhiteElo "2316"]
[BlackElo "1771"]
[EventDate "2017.04.11"]
[PlyCount "111"]

1.d4 d5 2.Nf3 Nf6 3.g3 e6 4.Bg2 Be7 5.O-O O-O 6.c4 c6 7.Qc2 b6 8.b3 Nbd7 
9.Rd1 Ba6 10.a4 Qc8 11.Ba3 Bxa3 12.Nxa3 Rb8 13.Rac1 Qe8 14.Qb2 Qe7 15.e3 
Rbc8 16.b4 c5 17.dxc5 bxc5 18.b5 Bb7 19.a5 dxc4 20.Nxc4 Bd5 21.Nh4 g6 22.
Nf3 Rb8 23.Nfd2 Bxg2 24.Kxg2 Nd5 25.Ne4 f5 26.Ned6 Qg7 27.Qxg7+ Kxg7 28.e4
fxe4 29.Nxe4 Rxb5 30.Nc3 Rb7 31.Nxd5 exd5 32.Rxd5 Nf6 33.Re5 Ng4 34.Re2 
Rbf7 35.Rcc2 Rc7 36.Nd6 Kg8 37.Nb5 Rcf7 38.h3 Nf6 39.Rxc5 Rd7 40.Nc3 Rfd8 
41.Re6 Nd5 42.Nxd5 Rxd5 43.Re8+ Rxe8 44.Rxd5 a6 45.Rd6 Ra8 46.g4 Ra7 47.f4
Kf7 48.Rb6 Kg7 49.g5 Kf7 50.Kg3 Kg7 51.Kg4 Kf7 52.h4 Kg7 53.h5 gxh5+ 54.
Kxh5 Kf7 55.Kh6 Kg8 56.Rb8+ 1-0